| 000 | 00594nam a2200181Ia 4500 | ||
|---|---|---|---|
| 003 | GCL | ||
| 008 | 140319s9999 xx 000 0 ara d | ||
| 040 |
_aGCL / _cGCL |
||
| 082 | 0 | 4 |
_a111.85 _bع ت |
| 100 | 1 | _aعبدالمنعم الحفنى | |
| 245 | 1 | 0 |
_aتيارات ومذاهب ادبية وفنية جديدة - الجزء الاول / _cعبدالمنعم الحفنى |
| 300 | _a126 ص | ||
| 490 |
_aالهيئة العامة للاستعلامات _v0 |
||
| 650 | 0 | 4 | _aالفلسفة |
| 650 | 0 | 4 | _aالجمال فى الفن |
| 650 | 0 | 4 | _aالادب - فلسفة |
| 942 |
_2ddc _cBK |
||
| 999 |
_c50576 _d50576 |
||